000
00294nam a2200097Ia 4500
001
644434
005
20250826153604.0
008
250824s9999 xx 000 0 und d
245
0
_a
Elinizin Altındaki Gerçekler Buluşlar ve Teknoloji Mimari Yapılar
_c
Lindsey Lowe
260
_b
TÜBİTAK YAYINLARI
999
_c
644434
_d
644434